Elements of mineralogy / (Record no. 11875)

MARC details
000 -LEADER
fixed length control field 01202nam a22003011i 4500
001 - CONTROL NUMBER
control field 2175007
003 - CONTROL NUMBER IDENTIFIER
control field EG-ScBUE
005 - DATE AND TIME OF LATEST TRANSACTION
control field 20260104100954.0
008 - FIXED-LENGTH DATA ELEMENTS--GENERAL INFORMATION
fixed length control field 850417t1959 caua f b 001 0 eng d
020 ## - INTERNATIONAL STANDARD BOOK NUMBER
International Standard Book Number 716702355
040 ## - CATALOGING SOURCE
Original cataloging agency EG-ScBUE
Language of cataloging eng
Description conventions rda
Transcribing agency EG-ScBUE
Modifying agency EG-ScBUE
082 04 - DEWEY DECIMAL CLASSIFICATION NUMBER
Classification number 549
Edition number 22
Item number MAS
100 1# - MAIN ENTRY--PERSONAL NAME
Personal name Mason, Brian
Fuller form of name (Brian Harold),
Dates associated with a name 1917-2009,
9 (RLIN) 6338
Relator term author.
245 10 - TITLE STATEMENT
Title Elements of mineralogy /
Statement of responsibility, etc Brian Mason, U.S. National Museum, Washington, D.C., L. G. Berry, Queen's University, Kingston, Ontario.
264 #1 - PUBLICATION, DISTRIBUTION, ETC. (IMPRINT)
Place of publication, distribution, etc San Francisco :
Name of publisher, distributor, etc W. H. Freeman and Company,
Date of publication, distribution, etc [1959]
264 #4 - PUBLICATION, DISTRIBUTION, ETC. (IMPRINT)
Date of publication, distribution, etc c1959
300 ## - PHYSICAL DESCRIPTION
Extent vi, 550 pages :
Other physical details illustrations ;
Dimensions 25 cm.
336 ## - CONTENT TYPE
Source rdacontent
Content type term text
Content type code txt
337 ## - MEDIA TYPE
Media type term unmediated
Source rdamedia
Media type code n
338 ## - CARRIER TYPE
Carrier type term volume
Carrier type code nc
Source rdacarrier
490 0# - SERIES STATEMENT
Series statement A series of books in geology
500 ## - GENERAL NOTE
General note A modified and rev. version of Mineralogy: concepts, descriptions, determinations, by L.G. Berry and B. Mason, published in 1959.
504 ## - BIBLIOGRAPHY, ETC. NOTE
Bibliography, etc Includes bibliographical references and index.<br/>
650 #7 - SUBJECT ADDED ENTRY--TOPICAL TERM
Topical term or geographic name as entry element Mineralogy.
9 (RLIN) 6340
Source of heading or term BUEsh
655 ## - INDEX TERM--GENRE/FORM
Form subdivision Reading book
700 1# - ADDED ENTRY--PERSONAL NAME
Personal name Berry, L. G.
Fuller form of name (Leonard Gascoigne),
Dates associated with a name 1914-1982,
Relator term author.
9 (RLIN) 6341
942 ## - ADDED ENTRY ELEMENTS (KOHA)
Source of classification or shelving scheme Dewey Decimal Classification
Koha item type Book - Borrowing
Holdings
Withdrawn status Lost status Source of classification or shelving scheme Damaged status Not for loan Collection code Home library Current library Shelving location Date acquired Source of acquisition Cost, normal purchase price Total Checkouts Total Renewals Full call number Barcode Date last seen Date checked out Price effective from Koha item type
    Dewey Decimal Classification     Alef-Baa Central Library Central Library First floor 17/06/2009   150.00 1 1 549 MAS 000016838 15/07/2025 31/01/2022 17/06/2009 Book - Borrowing